Microbiology / (Record no. 692)

MARC details
000 -LEADER
fixed length control field 00926nam a2200289 4500
001 - CONTROL NUMBER
control field 4033198
005 - DATE AND TIME OF LATEST TRANSACTION
control field 20141008095454.0
007 - PHYSICAL DESCRIPTION FIXED FIELD--GENERAL INFORMATION
fixed length control field 000
008 - FIXED-LENGTH DATA ELEMENTS--GENERAL INFORMATION
fixed length control field 000
010 ## - LIBRARY OF CONGRESS CONTROL NUMBER
LC control number 98018180
020 ## - INTERNATIONAL STANDARD BOOK NUMBER
International Standard Book Number 0697354393
040 ## - CATALOGING SOURCE
Original cataloging agency UOEL
Transcribing agency DLC
Modifying agency DLC
050 00 - LIBRARY OF CONGRESS CALL NUMBER
Classification number QR41.2
Item number .P74 1999
082 00 - DEWEY DECIMAL CLASSIFICATION NUMBER
Classification number 579
Edition number 21
100 1# - MAIN ENTRY--PERSONAL NAME
Personal name Prescott, Lansing M.
245 10 - TITLE STATEMENT
Title Microbiology /
Statement of responsibility, etc Lansing Prescott, John P. Harley, Donald A. Klein.
250 ## - EDITION STATEMENT
Edition statement 4th ed.
260 ## - PUBLICATION, DISTRIBUTION, ETC. (IMPRINT)
Place of publication, distribution, etc Boston, Mass. :
Name of publisher, distributor, etc WCB/McGraw-Hill,
Date of publication, distribution, etc c1999.
300 ## - PHYSICAL DESCRIPTION
Extent xxvi, 963, [94] p. :
Other physical details ill. (some col.) ;
Dimensions 28 cm.
504 ## - BIBLIOGRAPHY, ETC. NOTE
Bibliography, etc Includes bibliographical references and index.
650 #0 - SUBJECT ADDED ENTRY--TOPICAL TERM
Topical term or geographic name as entry element Microbiology.
General subdivision Microbiology
700 1# - ADDED ENTRY--PERSONAL NAME
Personal name Harley, John P.
Personal name Klein, Donald A.,
Dates associated with a name 1935-
906 ## - LOCAL DATA ELEMENT F, LDF (RLIN)
a 7
b cbc
c orignew
d 1
e ocip
f 19
g y-gencatlg
942 ## - ADDED ENTRY ELEMENTS (KOHA)
Source of classification or shelving scheme Library of Congress Classification
Item type Short Loan for 1 day
Holdings
Withdrawn status Lost status Source of classification or shelving scheme Damaged status Not for loan Home library Current library Shelving location Date acquired Total Checkouts Full call number Barcode Date last seen Date last borrowed Copy number Price effective from Koha item type
    Library of Congress Classification     UOE Main Library UOE Main Library Short Loan Area 08/10/2014 6 QR41.2 .P74 1999 20136268 27/04/2026 18/06/2019 20136268 08/10/2014 Short Loan for 1 day